00636nam a2200145 a 450000100100000000500170001000800410002704000250006811100360009324501130012926000560024230000360029850501180033471000380045200004397520201002045056.0140512s1998 sp ac 000 0 spa d aDO-SdBNPbspacBNPHU2 aVerano musicald(1998cSegovia)10aXXIII Festival Internacional, XXIX Semanas de Cámara, III Festival Joven, III Conciertos entre Dos Luces]. aSegovia :bFundación Don Juan de Borbón,c1998. a395 p. :bil., retrs. ;c24 cm.0 aXXIIItFestival Internacional,gXXIXtSemanas de Cámara,gIIItFestival Joven,gIIItConciertos entre Dos Luces2 aFundación Don Juan de Borbón,